Housing Policy Guidelines <The> Experience of ECE with Special Reference to Countries in Transition

Salvato in:
Dettagli Bibliografici
Natura: Libro
Lingua:inglese
Pubblicazione: New York United Nations 1993
Edizione:1. ed.
Soggetti:
Tags: Aggiungi Tag
Nessun Tag, puoi essere il primo ad aggiungerne!!

MARC

LEADER 00000nam a2200000 4500
001 c004551
005 20221206074536.6
020 |a 92-1-116564-4 
041 0 |a eng 
044 |a US 
245 1 0 |a Housing Policy Guidelines  |b <The> Experience of ECE with Special Reference to Countries in Transition 
250 |a 1. ed. 
264 1 |a New York  |b United Nations  |c 1993 
300 |a 48 s. 
610 2 0 |a politika bytová 
610 2 0 |a smernice 
610 2 0 |a byty 
610 2 0 |a financovanie 
610 2 0 |a manažment 
610 2 0 |a Európa